Intro stats / (Record no. 212)

MARC details
000 -LEADER
fixed length control field 01238cam a2200373 i 4500
003 - CONTROL NUMBER IDENTIFIER
control field EG-ScBUE
005 - DATE AND TIME OF LATEST TRANSACTION
control field 20241117143020.0
008 - FIXED-LENGTH DATA ELEMENTS--GENERAL INFORMATION
fixed length control field 150816t2006 maua f 001 0 eng d
020 ## - INTERNATIONAL STANDARD BOOK NUMBER
International Standard Book Number 0321286715 (SE)
020 ## - INTERNATIONAL STANDARD BOOK NUMBER
International Standard Book Number 032128724X (IE)
020 ## - INTERNATIONAL STANDARD BOOK NUMBER
International Standard Book Number 9780321286710
040 ## - CATALOGING SOURCE
Original cataloging agency EG-ScBUE
Language of cataloging eng
Description conventions rda
Transcribing agency EG-ScBUE
Modifying agency EG-ScBUE
082 04 - DEWEY DECIMAL CLASSIFICATION NUMBER
Classification number 519.5
Item number DEV
Edition number 22
100 1# - MAIN ENTRY--PERSONAL NAME
9 (RLIN) 12741
Personal name De Veaux, Richard D.,
Relator term author
245 10 - TITLE STATEMENT
Title Intro stats /
Statement of responsibility, etc Richard D. De Veaux, Williams College, Paul F. Velleman, Cornell University, David E. Bock, Cornell University.
250 ## - EDITION STATEMENT
Edition statement Second edition.
264 #1 - PUBLICATION, DISTRIBUTION, ETC. (IMPRINT)
Place of publication, distribution, etc Boston :
Name of publisher, distributor, etc Pearson Addison Wesley,
Date of publication, distribution, etc [2006]
264 #4 - PUBLICATION, DISTRIBUTION, ETC. (IMPRINT)
Date of publication, distribution, etc c2006
300 ## - PHYSICAL DESCRIPTION
Extent 1 volume (various pagings) :
Other physical details illustrations (some color) ;
Dimensions 27 cm +
Accompanying material 1 CD
336 ## - CONTENT TYPE
Source rdacontent
Content type term text
Content type code txt
336 ## - CONTENT TYPE
Source rdacontent
Content type term sounds
Content type code snd
337 ## - MEDIA TYPE
Media type term unmediated
Source rdamedia
Media type code n
337 ## - MEDIA TYPE
Media type term audio
Source rdamedia
Media type code s
338 ## - CARRIER TYPE
Carrier type term volume
Carrier type code nc
Source rdacarrier
338 ## - CARRIER TYPE
Carrier type term computer disc
Carrier type code cd
Source rdacarrier
500 ## - GENERAL NOTE
General note Includes index.
650 #7 - SUBJECT ADDED ENTRY--TOPICAL TERM
Topical term or geographic name as entry element Statistics.
Source of heading or term BUEsh
651 ## - SUBJECT ADDED ENTRY--GEOGRAPHIC NAME
Source of heading or term BUEsh
653 ## - INDEX TERM--UNCONTROLLED
Resource For college Engineering, General
Arrived date list August2015
655 ## - INDEX TERM--GENRE/FORM
Form subdivision Reading book
9 (RLIN) 33728
700 1# - ADDED ENTRY--PERSONAL NAME
Personal name Velleman,Paul F.,
Relator term author.
700 1# - ADDED ENTRY--PERSONAL NAME
Personal name Bock, David E.,
Relator term author.
942 ## - ADDED ENTRY ELEMENTS (KOHA)
Koha item type Book - Borrowing
Source of classification or shelving scheme Dewey Decimal Classification
Holdings
Withdrawn status Lost status Source of classification or shelving scheme Damaged status Not for loan Collection code Home library Current library Shelving location Date acquired Source of acquisition Cost, normal purchase price Total Checkouts Total Renewals Full call number Barcode Date last seen Date checked out Cost, replacement price Price effective from Koha item type Materials specified (bound volume or other part)
    Dewey Decimal Classification     Baccah Central Library Central Library First floor 06/02/2015 Purchase 250.00 1 1 519.5 DEV 000004490 15/07/2025 11/10/2016 312.50 15/02/2006 Book - Borrowing  
    Dewey Decimal Classification     Baccah Central Library Central Library First floor 15/02/2006 Purchase 250.00     519.5 DEV 000003181 15/07/2025   312.50 31/08/2006 Book - Borrowing  
    Dewey Decimal Classification     Baccah Central Library Central Library First floor 15/02/2006 Purchase 250.00     519.5 DEV 000000238 15/07/2025   312.50 04/09/2007 NB - Book (Non borrowing)  
    Dewey Decimal Classification       Central Library Central Library First floor 15/02/2006   250.00     519.5 DEV 000006837 24/08/2022   312.50   NB - Book (Non borrowing) Lost In Inventory_2017-8-25
    Dewey Decimal Classification       Central Library Central Library First floor 16/08/2015         519.5 DEV 000039692 24/08/2022       CD | DVD - With book Lost In Inventory_2015-8-23